000 00656nam a2200205 a 4500
001 000011202
005 20240412074224.0
008 091015t1964 dr 000 p spa d
040 _aDO-SdBNP
_bspa
_cBNPHU
082 _aRD861.44
_bL817s
100 1 _aLockward Pérez, Jorge Alfonso,
_d1937-2001.
_92059
245 1 0 _aSol de mi vida :
_bpoesías /
_cJ. Alfonso Lockward Pérez.
260 _aSanto Domingo :
_bDELE,
_c1964.
300 _a63 p. ;
_c23 cm.
590 _aInventariado, 2018/LP
650 0 _aPoesía dominicana
_966
650 4 _aPoesia cristiana
_926767
650 0 _aLiteratura dominicana.
_967
910 _aValidado. Control de calidad EMS.
999 _c10921
_d10921